La Passe-Miroir - Statistiques

Statistiques générales
  • Ce quiz a été pris 268 fois
  • Le résultat moyen est 34 sur 99
Statistiques - réponses
Personnages % Correct
Ophélie
94%
Thorn
93%
86%
Berenilde
85%
Farouk
83%
Archibald
81%
Renard
81%
Artémis
79%
Hélène
77%
Pollux
74%
Gaëlle
73%
Victoire
71%
Jan
67%
Roseline
67%
Dragons
64%
Hildegarde
62%
Janus
61%
Dieu
59%
Animistes
56%
Toile
53%
Octavio
52%
Mirages
51%
Ambroise
50%
Elizabeth
50%
Le Chevalier
50%
Les soeurs de la Toile
49%
Eulalie Dilleux
46%
Agathe
44%
Lazarus
44%
Hector
43%
Invisibles
41%
Blasius
40%
Cunégonde
40%
Baron Melchior
39%
Chroniqueurs
39%
Arcadiens
38%
Lady Septima
38%
Nihilistes
38%
Olfactifs
38%
Mediana
37%
Zeus
35%
Mime
34%
Le Grand-Oncle
32%
Andouille
31%
Visionnaires
31%
Lucifer
29%
Sophie
29%
Mille-Faces
28%
Totémistes
27%
Cyclopéens
26%
Gaïa
26%
Midas
26%
Narcotiques
26%
Vénus
26%
Tactiles
25%
Vladislava
25%
Doyennes
22%
Charles
21%
Devins
21%
Gustatifs
21%
Persuasifs
21%
Philibert
21%
Cosmos
20%
Freyja
20%
Perséphone
20%
Djinn
19%
Eric
19%
Pharaons
19%
Horus
18%
Les Valkyries
18%
Miss Silence
18%
Belisama
17%
Gustave
17%
Père Vladimir
17%
Acoustiques
16%
Alchimistes
16%
Fantômes
16%
Morphée
16%
Nadia
16%
Natacha
16%
Ouranos
16%
Viracocha
16%
Yin
16%
Le comte Harold
15%
Fama
14%
Olympe
14%
Rapporteuse du Familistère
14%
Héliopolitains
13%
Sélénites
13%
Zéphyrs
12%
Colosses
11%
Empathiques
11%
Florins
10%
Les lords du LUX
10%
Adélaïde
9%
Tchekov
8%
Sourciers
6%
Métamorphoseurs
4%
Nécromanciers
1%
Aucun quiz correspondant
Distribution des résultats
% des personnes avec chaque résultat
Percentile par nombre de réponses
Votre historique - résultats
Vous n’avez pas pris ce quiz